[Event "SR 2. liga A 2011/2012"]
[Site "?"]
[Date "2012.02.25"]
[Round "58.1"]
[White "Kleman, Miroslav"]
[Black "Pagerka, Martin"]
[Result "0-1"]
[WhiteElo "2230"]
[BlackElo "2200"]
[PlyCount "78"]
[EventDate "2011.??.??"]
[WhiteTeam "Slovakia"]
[BlackTeam "Slovakia"]
[WhiteTeamCountry "SVK"]
[BlackTeamCountry "SVK"]

1. Nc3 d5 2. d4 Nf6 3. Bg5 Nbd7 4. e3 h6 5. Bh4 c6 6. Bg3 e6 7. a3 Be7 8. h3
O-O 9. Nf3 Qb6 10. Be2 a6 11. O-O c5 12. Na4 Qa7 13. dxc5 Ne4 14. b4 Nxg3 15.
fxg3 b6 16. cxb6 Nxb6 17. Nxb6 Qxb6 18. Qd4 Qc7 19. Rac1 Bf6 20. Qd3 Qxg3 21.
e4 dxe4 22. Qxe4 Rb8 23. Bd3 g6 24. Qe2 Bc3 25. Bxa6 e5 26. Bxc8 Rbxc8 27. Qe4
f5 28. Qd5+ Kh8 29. Rcd1 e4 30. Nd4 Rcd8 31. Nxf5 gxf5 32. Qe6 Bg7 33. Rxd8
Rxd8 34. Qxf5 Bd4+ 35. Kh1 Be5 36. Kg1 Qh2+ 37. Kf2 Bd4+ 38. Ke1 Qg3+ 39. Kd1
Be3+ 0-1

[Event "SR 2. liga A 2011/2012"]
[Site "?"]
[Date "2012.02.25"]
[Round "58.2"]
[White "Bury, Rastislav"]
[Black "Tepper, Frantisek"]
[Result "0-1"]
[WhiteElo "2173"]
[BlackElo "2163"]
[PlyCount "48"]
[EventDate "2011.??.??"]
[WhiteTeam "Slovakia"]
[BlackTeam "Slovakia"]
[WhiteTeamCountry "SVK"]
[BlackTeamCountry "SVK"]

1. d4 Nf6 2. c4 c5 3. d5 e5 4. Nc3 d6 5. e4 Be7 6. g3 Nbd7 7. Bg2 Nf8 8. Nge2
Ng6 9. O-O O-O 10. f4 exf4 11. gxf4 a6 12. Qd3 Ng4 13. Ng3 Bf6 14. Nce2 b5 15.
h3 Nh6 16. Nh5 bxc4 17. Qxc4 a5 18. Qc2 Nh4 19. Bd2 Bd4+ 20. Nxd4 cxd4 21. f5
Nxg2 22. Bxh6 Ne3 23. Qf2 gxh6 24. f6 Kh8 0-1

[Event "SR 2. liga A 2011/2012"]
[Site "?"]
[Date "2012.02.25"]
[Round "58.3"]
[White "Certek, Pavel"]
[Black "Polasek, Filip"]
[Result "1/2-1/2"]
[WhiteElo "2322"]
[BlackElo "2123"]
[PlyCount "92"]
[EventDate "2011.??.??"]
[WhiteTeam "Slovakia"]
[BlackTeam "Slovakia"]
[WhiteTeamCountry "SVK"]
[BlackTeamCountry "SVK"]

1. d4 d5 2. c4 e6 3. Nc3 Nf6 4. Bg5 Nbd7 5. e3 Be7 6. Nf3 O-O 7. Rc1 c6 8. Bd3
h6 9. Bh4 dxc4 10. Bxc4 Nb6 11. Bb3 Nbd5 12. O-O Bd7 13. Ne5 Rc8 14. Qf3 b6 15.
Rfd1 Nh7 16. Bg3 Ng5 17. Qe2 Nxc3 18. Rxc3 Ne4 19. Rcc1 Nxg3 20. hxg3 Bd6 21.
Qh5 Qe7 22. f4 Rfd8 23. Ba4 Bxe5 24. Qxe5 c5 25. Bb3 cxd4 26. Rxc8 Bxc8 27.
Rxd4 Rxd4 28. exd4 Qd7 29. d5 exd5 30. Bxd5 Kf8 31. Kh2 f6 32. Qe4 Qf5 33. Qb4+
Ke8 34. Bf3 Qd7 35. Qe4+ Kd8 36. a3 g5 37. Qg6 Qf5 38. Qxh6 gxf4 39. gxf4 Bd7
40. Kg3 Kc7 41. Qg7 a5 42. Qg8 Qc2 43. b4 axb4 44. axb4 Qc3 45. Qf8 Qe1+ 46.
Kh2 Qh4+ 1/2-1/2

[Event "SR 2. liga A 2011/2012"]
[Site "?"]
[Date "2012.02.25"]
[Round "58.4"]
[White "Spacek, Oliver"]
[Black "Fabry, Robert"]
[Result "0-1"]
[WhiteElo "1907"]
[BlackElo "2177"]
[PlyCount "58"]
[EventDate "2011.??.??"]
[WhiteTeam "Slovakia"]
[BlackTeam "Slovakia"]
[WhiteTeamCountry "SVK"]
[BlackTeamCountry "SVK"]

1. d4 Nf6 2. c4 e6 3. g3 c5 4. d5 exd5 5. cxd5 d6 6. Bg2 g6 7. Nf3 Bg7 8. O-O
O-O 9. Nc3 Re8 10. Nd2 Na6 11. Re1 Nc7 12. a4 Rb8 13. Nc4 Rf8 14. h3 Nfe8 15.
e4 h6 16. f4 f6 17. Qd3 b6 18. Be3 Ba6 19. Rad1 Qd7 20. e5 fxe5 21. fxe5 dxe5
22. d6 Ne6 23. Nb5 Nd4 24. Bxd4 exd4 25. Bd5+ Kh7 26. g4 Qd8 27. Re6 Nf6 28.
Be4 Nxe4 29. Qxe4 Qg5 0-1

[Event "SR 2. liga A 2011/2012"]
[Site "?"]
[Date "2012.02.25"]
[Round "58.5"]
[White "Mikulas, Dusan"]
[Black "Diviak, Rastislav"]
[Result "0-1"]
[WhiteElo "2142"]
[BlackElo "2020"]
[PlyCount "52"]
[EventDate "2011.??.??"]
[WhiteTeam "Slovakia"]
[BlackTeam "Slovakia"]
[WhiteTeamCountry "SVK"]
[BlackTeamCountry "SVK"]

1. e4 d6 2. d4 Nf6 3. Nc3 g6 4. f4 Bg7 5. Nf3 O-O 6. Bd3 Na6 7. O-O c5 8. dxc5
Nxc5 9. Qe1 Nxd3 10. cxd3 b5 11. Kh1 b4 12. Nd1 a5 13. Qh4 Ba6 14. Nf2 e6 15.
g4 Nd7 16. Qh3 Nc5 17. Ne1 f5 18. Qe3 Qc7 19. Rg1 Bb7 20. Ng2 Rae8 21. Re1 Qc6
22. Re2 e5 23. fxe5 fxe4 24. d4 Nd3 25. Kg1 Rf3 26. Qxe4 Nxc1 0-1

[Event "SR 2. liga A 2011/2012"]
[Site "?"]
[Date "2012.02.25"]
[Round "58.6"]
[White "Spacek, Marcel"]
[Black "Kolman, Richard"]
[Result "0-1"]
[WhiteElo "1818"]
[BlackElo "2070"]
[PlyCount "136"]
[EventDate "2011.??.??"]
[WhiteTeam "Slovakia"]
[BlackTeam "Slovakia"]
[WhiteTeamCountry "SVK"]
[BlackTeamCountry "SVK"]

1. d4 d5 2. c4 e6 3. Nf3 Nf6 4. g3 a6 5. Bg2 Be7 6. O-O O-O 7. Qc2 Nbd7 8. b3
c5 9. Bb2 dxc4 10. Qxc4 b5 11. Qd3 Bb7 12. Nc3 Qc7 13. Rac1 Rac8 14. a4 b4 15.
Nd1 Rfd8 16. Ne3 Qb8 17. Qb1 cxd4 18. Nxd4 Bxg2 19. Kxg2 Qb7+ 20. Kg1 Ne4 21.
Rfd1 Ndc5 22. Nc4 Bf6 23. Ba1 Nc3 24. Bxc3 bxc3 25. e3 Ne4 26. Na5 Qa8 27. Nc4
Ng5 28. Nb6 Nh3+ 29. Kf1 Qh1+ 30. Ke2 Qxh2 31. Rf1 Rc5 32. b4 Rc7 33. Nf3 Qg2
34. Qe4 h5 35. Ng5 Rd2+ 36. Ke1 Qxe4 37. Nxe4 Rb2 38. a5 Ng5 39. Nxf6+ gxf6 40.
f3 Rxb4 41. Rf2 h4 42. gxh4 Rxh4 43. Ke2 Rb4 44. Kd3 Rc5 45. Rxc3 Rxa5 46. Nc4
Rd5+ 47. Kc2 Kf8 48. Nd2 Ra5 49. Rf1 Ra2+ 50. Kd3 Rbb2 51. Rd1 Nh3 52. Ke2 Nf2
53. Kxf2 Rxd2+ 54. Rxd2 Rxd2+ 55. Kg3 Rd8 56. Ra3 Ra8 57. Ra5 Ke7 58. Kg4 Kd6
59. Kh5 Kc6 60. Kh6 Kb6 61. Ra1 Ra7 62. e4 a5 63. Kg7 a4 64. Kxf6 Kc5 65. Ke5
Kc4 66. f4 a3 67. f5 exf5 68. exf5 a2 0-1

[Event "SR 2. liga A 2011/2012"]
[Site "?"]
[Date "2012.02.25"]
[Round "59.1"]
[White "Peitl, Tomas"]
[Black "Jablonicky, Frantisek"]
[Result "1/2-1/2"]
[WhiteElo "2214"]
[BlackElo "2187"]
[PlyCount "114"]
[EventDate "2011.??.??"]
[WhiteTeam "Slovakia"]
[BlackTeam "Slovakia"]
[WhiteTeamCountry "SVK"]
[BlackTeamCountry "SVK"]

1. d4 f5 2. Bg5 c5 3. d5 Qb6 4. b3 Nf6 5. Qd3 g6 6. Nd2 Bg7 7. Rd1 d6 8. f3 Qa6
9. e4 Qxd3 10. Bxd3 fxe4 11. Nxe4 Nxe4 12. Bxe4 Nd7 13. Ne2 Nf6 14. Bd3 Kf7 15.
Nf4 Bf5 16. Bxf5 gxf5 17. Kf2 Nd7 18. Ne6 Bf6 19. h4 b5 20. Ke3 Rag8 21. Kf4 h6
22. Bxf6 Nxf6 23. Rh2 Nxd5+ 24. Rxd5 Kxe6 25. Rxf5 Rf8 26. Rxf8 Rxf8+ 27. Ke3
d5 28. g4 Ke5 29. Re2 d4+ 30. Kf2+ Kd6 31. Re4 e5 32. g5 h5 33. Re1 Ke6 34. Re4
Kd5 35. Re1 c4 36. g6 Rg8 37. Rg1 Ke6 38. Rg5 Kf6 39. Rxh5 Rxg6 40. Rh7 Rg7 41.
Rh6+ Kf5 42. bxc4 bxc4 43. Rc6 c3 44. h5 Rg5 45. h6 Rh5 46. Kg3 Rh1 47. Kg2 Rb1
48. h7 Rb8 49. Kf2 Rh8 50. Rc7 a5 51. Ke2 Ke6 52. Kd3 Rf8 53. Rc6+ Kf5 54. Rh6
Rh8 55. a4 Kg5 56. Re6 Kf4 57. Rf6+ Kg5 1/2-1/2

[Event "SR 2. liga A 2011/2012"]
[Site "?"]
[Date "2012.02.25"]
[Round "59.2"]
[White "Sekera, Branislav"]
[Black "Bezuch, Martin"]
[Result "1/2-1/2"]
[WhiteElo "2151"]
[BlackElo "2210"]
[PlyCount "94"]
[EventDate "2011.??.??"]
[WhiteTeam "Slovakia"]
[BlackTeam "Slovakia"]
[WhiteTeamCountry "SVK"]
[BlackTeamCountry "SVK"]

1. Nf3 g6 2. g3 Bg7 3. Bg2 Nf6 4. O-O O-O 5. d3 d6 6. e4 c5 7. h3 Nc6 8. Nc3
Rb8 9. Ne2 b5 10. c3 a5 11. Ne1 a4 12. f4 Nd7 13. f5 Qa5 14. a3 Qc7 15. Kh1 Na5
16. Bf4 Nb3 17. Rb1 Ne5 18. g4 Rd8 19. Nc2 Ba6 20. Ne3 e6 21. Bg5 Re8 22. f6 h6
23. Bf4 Bxf6 24. Bxh6 Qe7 25. Bf4 b4 26. c4 Bg5 27. Nc2 Kg7 28. Ne1 Rh8 29. Kg1
Rb6 30. Nf3 Bxf4 31. Nxf4 Rhb8 32. Qe1 Nxf3+ 33. Bxf3 Nd4 34. axb4 Rxb4 35. Ra1
Qf6 36. Bd1 Qe5 37. h4 Bc8 38. Bxa4 Rxb2 39. Bd1 Nc2 40. Bxc2 Rxc2 41. Qe3 Rbb2
42. Ra8 Bb7 43. Re8 Rh2 44. Re7 Rxh4 45. Nxe6+ Qxe6 46. Rxe6 Rxg4+ 47. Kh1 Rh4+
{remis} 1/2-1/2

[Event "SR 2. liga A 2011/2012"]
[Site "?"]
[Date "2012.02.25"]
[Round "59.3"]
[White "Sosovicka, Juraj"]
[Black "Kozinka, Roman"]
[Result "1-0"]
[WhiteElo "2198"]
[BlackElo "2056"]
[PlyCount "47"]
[EventDate "2011.??.??"]
[WhiteTeam "Slovakia"]
[BlackTeam "Slovakia"]
[WhiteTeamCountry "SVK"]
[BlackTeamCountry "SVK"]

1. e4 c5 2. Nf3 d6 3. d4 cxd4 4. Nxd4 Nf6 5. Nc3 a6 6. Be2 e6 7. O-O Be7 8. Be3
Qc7 9. f4 Nc6 10. Qe1 O-O 11. Qg3 Kh8 12. Kh1 Bd7 13. Rae1 Rac8 14. a3 Nxd4 15.
Bxd4 Bc6 16. Bd3 Nh5 17. Qh3 Nxf4 18. Rxf4 e5 19. Nd5 Bd7 20. Qf3 Qd8 21. Rxf7
Bh4 22. Bb6 Rxf7 23. Qxf7 Qg5 24. Rf1 {: 0} 1-0

[Event "SR 2. liga A 2011/2012"]
[Site "?"]
[Date "2012.02.25"]
[Round "59.4"]
[White "Kavon, Rastislav"]
[Black "Oprea, Erik"]
[Result "0-1"]
[WhiteElo "1879"]
[BlackElo "2135"]
[PlyCount "65"]
[EventDate "2011.??.??"]
[WhiteTeam "Slovakia"]
[BlackTeam "Slovakia"]
[WhiteTeamCountry "SVK"]
[BlackTeamCountry "SVK"]

1. e4 d6 2. d4 c6 3. Nc3 Nd7 4. f4 g6 5. Nf3 Bg7 6. Bc4 e6 7. O-O b5 8. Bb3 b4
9. Ne2 a5 10. f5 exf5 11. exf5 d5 12. c3 Ngf6 13. Ne5 Qb6 14. Kh1 Ba6 15. Rf3
Nxe5 16. dxe5 Ne4 17. Qd4 Qc7 18. f6 Bf8 19. Qd1 Qxe5 20. Nd4 Bb7 21. Ba4 Rc8
22. Qe1 Qh5 23. Bf4 g5 24. Bg3 Bc5 25. Nf5 O-O 26. Be5 g4 27. Rf1 Rfe8 28. Bd4
Nxf6 29. Qf2 Bxd4 30. cxd4 Re6 31. Rae1 Ne4 32. Qf4 Rce8 33. Qc7 {0:} 0-1

[Event "SR 2. liga A 2011/2012"]
[Site "?"]
[Date "2012.02.25"]
[Round "59.5"]
[White "Ochrana, Ladislav"]
[Black "Lopatievov, Alexander"]
[Result "1/2-1/2"]
[WhiteElo "2062"]
[BlackElo "1925"]
[PlyCount "157"]
[EventDate "2011.??.??"]
[WhiteTeam "Slovakia"]
[BlackTeam "Slovakia"]
[WhiteTeamCountry "SVK"]
[BlackTeamCountry "SVK"]

1. d4 Nf6 2. c4 e6 3. Nc3 d5 4. Qb3 Be7 5. Nf3 c6 6. Ne5 O-O 7. e3 Nbd7 8. Nxd7
Nxd7 9. Bd3 Bd6 10. c5 Bc7 11. Qc2 Qh4 12. g3 Qh3 13. Bf1 Qh5 14. Be2 Qh3 15.
Bf3 e5 16. Qe2 Nf6 17. dxe5 Bxe5 18. Bd2 Bf5 19. Qf1 Qxf1+ 20. Rxf1 d4 21. Nd1
Rfe8 22. Rc1 Rad8 23. Rg1 Ng4 24. Bxg4 Bxg4 25. f4 Bf6 26. Kf2 dxe3+ 27. Bxe3
Rd3 28. Re1 g6 29. Nc3 b5 30. cxb6 axb6 31. Na4 Rdxe3 32. Rxe3 Bd4 33. Rce1 b5
34. Nc3 b4 35. Nb1 Bf5 36. Nd2 Ra8 37. Nb3 Bxe3+ 38. Kxe3 Rxa2 39. Re2 Be6 40.
Nc5 Bd5 41. Kd4 Ra1 42. Rd2 f6 43. Nd7 Kf7 44. Nb6 Ra5 45. Rc2 Bf3 46. Rf2 Bd1
47. Kc4 b3 48. Rd2 Bc2 49. Rd7+ Ke6 50. Rc7 Be4 51. Kd4 Bf3 52. Rxh7 Rb5 53.
Nc8 Rd5+ 54. Ke3 Bd1 55. Re7+ Kf5 56. h3 g5 57. g4+ Kg6 58. f5+ Kh6 59. Rf7 c5
60. Rxf6+ Kh7 61. Rg6 c4 62. Rc6 Rd3+ 63. Kf2 Rxh3 64. Rxc4 Rh2+ 65. Ke1 Bf3
66. f6 Kg6 67. Nd6 Kxf6 68. Rc3 Bd5 69. Ne8+ Ke5 70. Re3+ Kd4 71. Re2 Rh1+ 72.
Kf2 Be4 73. Rd2+ Bd3 74. Nc7 Rh2+ 75. Ke1 Rh1+ 76. Kf2 Ke4 77. Ne6 Rh2+ 78. Ke1
Rh1+ 79. Kf2 1/2-1/2

[Event "SR 2. liga A 2011/2012"]
[Site "?"]
[Date "2012.02.25"]
[Round "59.6"]
[White "Mackovic, Miroslav"]
[Black "Szollos, Ondrej"]
[Result "0-1"]
[WhiteElo "1911"]
[BlackElo "2051"]
[PlyCount "110"]
[EventDate "2011.??.??"]
[WhiteTeam "Slovakia"]
[BlackTeam "Slovakia"]
[WhiteTeamCountry "SVK"]
[BlackTeamCountry "SVK"]

1. e4 d6 2. d4 Nf6 3. Nc3 c6 4. Nf3 Qc7 5. e5 Nd5 6. Nxd5 cxd5 7. Bf4 dxe5 8.
Nxe5 Qb6 9. Bc1 a6 10. Qf3 Be6 11. c3 Nc6 12. Nd3 Rd8 13. Nf4 Na5 14. Bd3 Qd6
15. O-O Qd7 16. Nxe6 Qxe6 17. Bf4 Qd7 18. Qg3 Rc8 19. Rfe1 Nc6 20. Re2 e6 21.
Rae1 Ne7 22. Bd6 Rc6 23. Bb4 Ng6 24. Bxf8 Kxf8 25. Qg4 Qd6 26. g3 Ne7 27. f4 g6
28. Qf3 Kg7 29. g4 Re8 30. f5 exf5 31. gxf5 Qf6 32. Re5 Rcc8 33. Qe2 Kf8 34.
fxg6 hxg6 35. Rf1 Qd6 36. Qf3 f5 37. Qf4 Qf6 38. Rf3 Rc6 39. Rfe3 Kg7 40. h4
Rd6 41. Rg3 Rh8 42. Rg5 Re6 43. Bxf5 Rxe5 44. dxe5 Qb6+ 45. Kh1 Nxf5 46. Qxf5
Rxh4+ 47. Kg2 Qxb2+ 48. Kf3 Qxc3+ 49. Kf2 Qd2+ 50. Kf3 Qd1+ 51. Ke3 Re4+ 52.
Kf2 Re2+ 53. Kg3 Qg1+ 54. Kf3 Rf2+ 55. Ke3 Qe1+ {0 :} 0-1

[Event "SR 2. liga A 2011/2012"]
[Site "?"]
[Date "2012.02.25"]
[Round "59.7"]
[White "Prikler, Bruno"]
[Black "Jablonicky, Martin"]
[Result "1-0"]
[WhiteElo "2037"]
[BlackElo "1757"]
[PlyCount "57"]
[EventDate "2011.??.??"]
[WhiteTeam "Slovakia"]
[BlackTeam "Slovakia"]
[WhiteTeamCountry "SVK"]
[BlackTeamCountry "SVK"]

1. c4 Nf6 2. Nc3 c5 3. g3 Nc6 4. Bg2 g6 5. e3 Bg7 6. Nge2 O-O 7. O-O d6 8. d3
e5 9. a3 Nd7 10. Rb1 Rb8 11. b4 a6 12. Ne4 Qe7 13. N2c3 Re8 14. Nd5 Qf8 15. b5
Ne7 16. Nc7 Rd8 17. Nxd6 Nf6 18. Nxc8 Rbxc8 19. b6 e4 20. d4 cxd4 21. exd4 Ne8
22. d5 Nxc7 23. bxc7 Rxc7 24. d6 Qe8 25. dxc7 Rxd1 26. Rxd1 Nc6 27. Rxb7 Be5
28. Rb8 Nxb8 29. Rd8 {: 0} 1-0

[Event "SR 2. liga A 2011/2012"]
[Site "?"]
[Date "2012.02.25"]
[Round "59.8"]
[White "Kozinka, Jan"]
[Black "Sosovicka, Matej"]
[Result "0-1"]
[WhiteElo "1909"]
[BlackElo "1961"]
[PlyCount "80"]
[EventDate "2011.??.??"]
[WhiteTeam "Slovakia"]
[BlackTeam "Slovakia"]
[WhiteTeamCountry "SVK"]
[BlackTeamCountry "SVK"]

1. d4 e6 2. e4 d5 3. Bd3 Nf6 4. e5 Nfd7 5. f4 c5 6. c3 Nc6 7. Nf3 Qb6 8. Bc2
cxd4 9. cxd4 Nb4 10. O-O Nxc2 11. Qxc2 Qc6 12. Nc3 b5 13. a3 a5 14. Bd2 Ba6 15.
Rfc1 Be7 16. Qd1 Qb7 17. Ne2 b4 18. axb4 Bxb4 19. Bc3 O-O 20. Ng3 g6 21. h4
Rfc8 22. h5 Bxc3 23. bxc3 Bc4 24. Rcb1 Qc6 25. hxg6 hxg6 26. Kf2 a4 27. Nd2 a3
28. Nxc4 Qxc4 29. Ne2 Rcb8 30. Rxb8+ Nxb8 31. Ke3 Nc6 32. Qd3 Qb3 33. Nc1 Qb2
34. Rb1 Qxg2 35. Ne2 Na5 36. Kd2 a2 37. Ra1 Nb3+ 38. Kc2 Nxa1+ 39. Kb2 Qf1 40.
Nc1 Rb8+ {0 :} 0-1

[Event "SR 2. liga A 2011/2012"]
[Site "?"]
[Date "2012.02.25"]
[Round "60.1"]
[White "Federic, Jozef"]
[Black "Seitler, Andrej"]
[Result "1-0"]
[WhiteElo "2270"]
[BlackElo "2247"]
[PlyCount "98"]
[EventDate "2011.??.??"]
[WhiteTeam "Slovakia"]
[BlackTeam "Slovakia"]
[WhiteTeamCountry "SVK"]
[BlackTeamCountry "SVK"]

1. d4 Nf6 2. c4 e6 3. g3 d5 4. Nf3 Be7 5. Bg2 O-O 6. O-O Nbd7 7. Nc3 dxc4 8. e4
Nb6 9. Qe2 c5 10. Rd1 cxd4 11. Rxd4 Bd7 12. Bg5 Ne8 13. Bxe7 Qxe7 14. Rad1 Nc7
15. Ne5 Bb5 16. a4 Qc5 17. Nxf7 Rxf7 18. Nxb5 Nxb5 19. axb5 e5 20. Rd8+ Rxd8
21. Rxd8+ Rf8 22. Qd2 Kf7 23. Bh3 Rxd8 24. Qxd8 Qe7 25. Qb8 Na4 26. Qxa7 Nxb2
27. Qb8 Nd3 28. Qc8 Nc5 29. Bf1 c3 30. Bc4+ Kg6 31. Qf5+ Kh6 32. Qh3+ Kg6 33.
Qg4+ Qg5 34. Bf7+ Kf6 35. Qf3+ Ke7 36. Qxc3 b6 37. Bd5 Kd6 38. Kg2 Qe7 39. Qa3
Qc7 40. Bc6 Ke7 41. Qa8 Qd8 42. Qa7+ Kf6 43. Bd5 Nd7 44. Qa3 Qf8 45. Qf3+ Ke7
46. Qc3 Qf6 47. Qc8 Qf8 48. Qc6 Qf6 49. Qb7 Qd6 1-0

[Event "SR 2. liga A 2011/2012"]
[Site "?"]
[Date "2012.02.25"]
[Round "60.2"]
[White "Blatnicky, Miroslav"]
[Black "Dugovic, Branislav"]
[Result "0-1"]
[WhiteElo "2130"]
[BlackElo "2147"]
[PlyCount "50"]
[EventDate "2011.??.??"]
[WhiteTeam "Slovakia"]
[BlackTeam "Slovakia"]
[WhiteTeamCountry "SVK"]
[BlackTeamCountry "SVK"]

1. d4 Nf6 2. c4 c5 3. d5 b5 4. cxb5 a6 5. e3 g6 6. Nc3 Bg7 7. bxa6 Bxa6 8. Bxa6
Rxa6 9. Nge2 O-O 10. O-O d6 11. e4 Nbd7 12. Bf4 Qa8 13. Qc2 Rb8 14. a4 Rb4 15.
Rab1 Nb6 16. b3 c4 17. bxc4 Rxc4 18. Qd3 Nfd7 19. Be3 Ne5 20. Qd1 Nxa4 21. Nxa4
Raxa4 22. Ng3 h5 23. f3 Rc3 24. Bf2 Ra2 25. Bd4 Rd3 0-1

[Event "SR 2. liga A 2011/2012"]
[Site "?"]
[Date "2012.02.25"]
[Round "60.3"]
[White "Prielozny, Marek"]
[Black "Abel, Peter"]
[Result "0-1"]
[WhiteElo "2008"]
[BlackElo "2198"]
[PlyCount "62"]
[EventDate "2011.??.??"]
[WhiteTeam "Slovakia"]
[BlackTeam "Slovakia"]
[WhiteTeamCountry "SVK"]
[BlackTeamCountry "SVK"]

1. d4 Nf6 2. Nf3 d5 3. c4 e6 4. Nc3 Be7 5. Bf4 c6 6. e3 Nbd7 7. Bd3 dxc4 8.
Bxc4 Nb6 9. Bd3 Nbd5 10. Bg5 h6 11. Bh4 O-O 12. O-O c5 13. dxc5 Nxc3 14. bxc3
Qc7 15. Bg3 Qxc5 16. Qb3 b6 17. a4 Bb7 18. a5 Rac8 19. axb6 axb6 20. Ba6 Bxa6
21. Rxa6 Nd5 22. Be5 Qc4 23. Qxc4 Rxc4 24. Nd2 Rc6 25. Rb1 Rd8 26. Nb3 Nxc3 27.
Bxc3 Rxc3 28. Rxb6 Bf6 29. g3 Rd5 30. Rb8+ Kh7 31. Rc1 Rxc1+ 0-1

[Event "SR 2. liga A 2011/2012"]
[Site "?"]
[Date "2012.02.25"]
[Round "60.4"]
[White "Godula, Martin"]
[Black "Kundrak, Vladimir"]
[Result "1-0"]
[WhiteElo "2185"]
[BlackElo "1957"]
[PlyCount "53"]
[EventDate "2011.??.??"]
[WhiteTeam "Slovakia"]
[BlackTeam "Slovakia"]
[WhiteTeamCountry "SVK"]
[BlackTeamCountry "SVK"]

1. e4 d5 2. exd5 Nf6 3. d4 Bg4 4. Be2 Bxe2 5. Qxe2 Qxd5 6. Nf3 Nc6 7. O-O O-O-O
8. Be3 Kb8 9. c4 Qf5 10. Nc3 e6 11. a3 g5 12. Rad1 Bd6 13. Bxg5 Rdg8 14. Bxf6
Qxf6 15. g3 Be7 16. d5 Nd8 17. Ne5 Kc8 18. Nb5 Bc5 19. b4 a6 20. bxc5 axb5 21.
cxb5 exd5 22. c6 h5 23. cxb7+ Nxb7 24. Nc6 Re8 25. Qd3 h4 26. Qxd5 hxg3 27.
Qd7# 1-0

[Event "SR 2. liga A 2011/2012"]
[Site "?"]
[Date "2012.02.25"]
[Round "60.5"]
[White "Sustak, Roman"]
[Black "Manak, Jozef"]
[Result "0-1"]
[WhiteElo "1971"]
[BlackElo "2053"]
[PlyCount "56"]
[EventDate "2011.??.??"]
[WhiteTeam "Slovakia"]
[BlackTeam "Slovakia"]
[WhiteTeamCountry "SVK"]
[BlackTeamCountry "SVK"]

1. d4 Nf6 2. c4 e6 3. Nc3 d5 4. e3 c6 5. Nf3 Bd6 6. Be2 O-O 7. O-O Nbd7 8. Qc2
a6 9. a4 a5 10. b3 Re8 11. Ba3 Bc7 12. Rfe1 Nb8 13. Rac1 Na6 14. cxd5 exd5 15.
h3 Bd6 16. Bxd6 Qxd6 17. Na2 Ne4 18. Bd3 Qh6 19. Ne5 f6 20. Bxe4 fxe5 21. Bd3
e4 22. Bxa6 Rxa6 23. Qe2 Rf8 24. Kh2 Qh4 25. Rf1 Bxh3 26. gxh3 Rf3 27. Qxf3
exf3 28. Rc5 g5 0-1

[Event "SR 2. liga A 2011/2012"]
[Site "?"]
[Date "2012.02.25"]
[Round "60.6"]
[White "Manak, Adrian"]
[Black "Karlik, Lukas"]
[Result "0-1"]
[WhiteElo "1931"]
[BlackElo "1871"]
[PlyCount "100"]
[EventDate "2011.??.??"]
[WhiteTeam "Slovakia"]
[BlackTeam "Slovakia"]
[WhiteTeamCountry "SVK"]
[BlackTeamCountry "SVK"]

1. e4 d5 2. exd5 Qxd5 3. Nc3 Qa5 4. d4 c6 5. Bc4 Nf6 6. Bd2 Qc7 7. Nge2 Bf5 8.
Bf4 Qb6 9. Bb3 e6 10. O-O Be7 11. Ng3 Bg6 12. Re1 O-O 13. Na4 Qa5 14. Nc5 Bxc5
15. dxc5 Rd8 16. Bd6 Na6 17. Qd4 b6 18. cxb6 axb6 19. Qe5 Qxe5 20. Bxe5 Nc5 21.
Bc7 Rd2 22. Bxb6 Nxb3 23. axb3 Rxa1 24. Rxa1 h5 25. c3 Rxb2 26. b4 Ng4 27. h3
Ne5 28. Ra8+ Kh7 29. Rc8 h4 30. Nh1 Be4 31. f3 Rb1+ 32. Kh2 Rb2 33. Nf2 Bd5 34.
Bd4 Nc4 35. Rc7 e5 36. Bc5 Nd2 37. Kg1 Rb1+ 38. Nd1 Rxd1+ 39. Kf2 Nc4 40. Be3
Rd3 41. Bg5 Rxc3 42. Bxh4 Rc2+ 43. Kg1 Rb2 44. Rb7 Ne3 45. Bf2 Rb1+ 46. Kh2
Nf1+ 47. Kg1 f5 48. f4 Ng3+ 49. Kh2 exf4 50. Bd4 Rh1# 0-1

[Event "SR 2. liga A 2011/2012"]
[Site "?"]
[Date "2012.02.25"]
[Round "60.7"]
[White "Horvath, Marek"]
[Black "Mihalik, Anton"]
[Result "1/2-1/2"]
[WhiteElo "1844"]
[BlackElo "1965"]
[PlyCount "60"]
[EventDate "2011.??.??"]
[WhiteTeam "Slovakia"]
[BlackTeam "Slovakia"]
[WhiteTeamCountry "SVK"]
[BlackTeamCountry "SVK"]

1. e4 c5 2. c3 d6 3. d4 cxd4 4. cxd4 Nf6 5. Nc3 a6 6. Bd3 Nc6 7. Nge2 Bg4 8. f3
Bd7 9. Be3 e6 10. O-O Be7 11. a3 O-O 12. Rc1 Rc8 13. b4 b5 14. g4 h6 15. Bb1 e5
16. d5 Nb8 17. Ng3 Nh7 18. Qd3 Bg5 19. f4 exf4 20. Bxf4 Bxg4 21. e5 g6 22. e6
Bxf4 23. Rxf4 Qg5 24. Rcf1 Bf5 25. Nce4 Qe7 26. Nxf5 gxf5 27. Rxf5 fxe6 28.
Rxf8+ Rxf8 29. Rxf8+ Nxf8 30. dxe6 Qxe6 1/2-1/2

[Event "SR 2. liga A 2011/2012"]
[Site "?"]
[Date "2012.02.26"]
[Round "61.1"]
[White "Varga, David"]
[Black "Vlcek, Stanislav"]
[Result "0-1"]
[WhiteElo "2355"]
[BlackElo "2330"]
[PlyCount "104"]
[EventDate "2011.??.??"]
[WhiteTeam "Slovakia"]
[BlackTeam "Slovakia"]
[WhiteTeamCountry "SVK"]
[BlackTeamCountry "SVK"]

1. e4 {0} c5 2. Nf3 d6 3. d4 cxd4 4. Nxd4 Nf6 5. Nc3 a6 6. Bc4 e6 7. Bb3 b5 8.
Bg5 Nbd7 9. f4 Bb7 10. f5 e5 11. Nf3 Be7 12. Bxf6 Nxf6 13. Qd3 Rc8 14. O-O-O
Rc5 15. Rhe1 O-O 16. g4 Nxg4 17. Re2 Nf6 18. Rg2 Nh5 19. Ne2 Qa8 20. Ng5 h6 21.
Nxf7 Rxf7 22. Qh3 Nf6 23. Qxh6 Rc4 24. Rdg1 Ne8 25. Rg3 Bf6 26. Bxc4 bxc4 27.
Nc3 Bxe4 28. Rh3 Kf8 29. Qe3 Bc6 30. Rh8+ Ke7 31. Rg4 d5 32. Ne2 Kd6 33. Nf4
Qa7 34. Qa3+ Qc5 35. b4 cxb3 36. Qxc5+ Kxc5 37. Nd3+ Kd6 38. axb3 Nc7 39. Rg2
d4 40. Rf2 e4 41. Nb2 Bg5+ 42. Kd1 e3 43. Rf1 Bg2 44. Rg1 Bf3+ 45. Ke1 Rxf5 46.
Rh3 Ne6 47. Nc4+ Kd5 48. Rh8 Nf4 49. h4 Bf6 50. Kf1 Nh3 51. Rg3 Bh5+ 52. Kg2 e2
0-1

[Event "SR 2. liga A 2011/2012"]
[Site "?"]
[Date "2012.02.26"]
[Round "61.2"]
[White "Todor, Razvan"]
[Black "Petenyi, Tamas"]
[Result "1/2-1/2"]
[WhiteElo "2199"]
[BlackElo "2347"]
[PlyCount "115"]
[EventDate "2011.??.??"]
[WhiteTeam "Slovakia"]
[BlackTeam "Slovakia"]
[WhiteTeamCountry "SVK"]
[BlackTeamCountry "SVK"]

1. d4 Nf6 2. Nf3 d6 3. g3 g6 4. Bg2 Bg7 5. O-O O-O 6. Nc3 Nbd7 7. e4 e5 8. dxe5
dxe5 9. Qe2 c6 10. a4 Qc7 11. b3 Rd8 12. Bb2 $11 Nf8 13. Nd1 Bg4 14. Ne3 Bxf3
15. Bxf3 Ne6 16. Qc4 Nd4 17. Bg2 Qe7 18. a5 Ne8 19. c3 Ne6 20. Qa4 N6c7 21.
Rfd1 Qe6 22. Nc2 Rac8 23. Qb4 a6 24. c4 Nd6 25. Qb6 Qe7 26. Ba3 Bf8 27. Qe3 f6
28. Qf3 Qf7 29. Bh3 Ne6 30. Qe3 Ne8 31. Bxf8 Kxf8 32. Qb6 N8g7 33. b4 Qc7 34.
Qxc7 Rxd1+ 35. Rxd1 Rxc7 36. Kf1 Ke7 37. c5 Ng5 38. Bg2 N7e6 39. Ke2 Rd7 40.
Rxd7+ Kxd7 41. Ke3 Nf7 42. Bh3 Nfg5 43. Bg2 Nc7 44. f4 Nge6 45. Bh3 Nb5 46. Ne1
exf4+ 47. gxf4 Ke7 48. Nc2 g5 49. fxg5 fxg5 50. Bf5 h6 51. Kd3 h5 52. Ne3 Nf4+
53. Kc4 Kd8 54. Nf1 Ng2 55. Kd3 Nf4+ 56. Kc4 Ng2 57. Kd3 Nf4+ 58. Kc4 1/2-1/2

[Event "SR 2. liga A 2011/2012"]
[Site "?"]
[Date "2012.02.26"]
[Round "61.3"]
[White "Rachela, Jozef"]
[Black "Petrik, Stanislav"]
[Result "0-1"]
[WhiteElo "2087"]
[BlackElo "2165"]
[PlyCount "86"]
[EventDate "2011.??.??"]
[WhiteTeam "Slovakia"]
[BlackTeam "Slovakia"]
[WhiteTeamCountry "SVK"]
[BlackTeamCountry "SVK"]

1. e4 c5 2. Nc3 Nc6 3. g3 e6 4. Bg2 Nge7 5. Nge2 d5 6. exd5 exd5 7. d4 cxd4 8.
Nxd4 Qb6 9. Nb3 d4 10. Ne2 Nf5 11. O-O Bc5 12. Nf4 Nce7 13. Nxc5 Qxc5 14. Re1
O-O 15. b3 Ng6 16. a4 Rd8 17. Ba3 Qa5 18. Qe2 Bd7 19. Nxg6 hxg6 20. Bxb7 Rab8
21. Be4 Bc8 22. Red1 Ba6 23. Qf3 d3 24. Bb2 dxc2 25. Bxc2 Bb7 26. Qc3 Qxc3 27.
Bxc3 Bf3 28. Rdc1 Nd4 29. Bxd4 Rxd4 30. Re1 Rc8 31. Re3 Bd5 32. Bd1 a5 33. Kf1
Rd2 34. Rb1 Be6 35. Ke1 Ra2 36. Re2 Ra3 37. Rc2 Rb8 38. Rc3 Rxa4 39. Rbc1 Re4+
40. Kd2 Bf5 41. Ra1 Rd8+ 42. Rd3 Rxd3+ 43. Kxd3 Ra4+ 0-1